01190nam a2200157 a 4500008004100000020000800041041000800049100001900057245004400076250001100120260003900131300001100170500008700181505075300268655001101021120515e2015 ag |||g |||| 001 0 spa d aS/N aspa1 aPeredo, León 4aLos perros de la noche /cLeón Peredo a1a ed. aBuenos Aires:bDel Refalon;c2015. a167 p. aPeredo, L. (2015). Los perros de la calle. (1a ed.). Buenos Aires : Del Refalón. aIsmael emprende un viaje para visitar la tumba de su padre. Todo marcha con normalidad hasta que alguien abre la Puerta de los Arquetipos. El tiempo y el espacio dejan de ser terrenos seguros, el universo es una vorágine: lo que pertenece al pasado puede encontrarse en el futuro, lo futuro estar atrapado en el pasado y el presente puede no ocurrir jamás. Los personajes se enfrentan cara a cara con sus pasiones, miserias y miedos más íntimos. Julia y el amor. El diablo y una oferta difícil de rechazar. La libertad puede ser la peor de las prisiones. El Gato Negro y el loco Joe intentarán ayudarlo. Pero cuando el mundo está más allá del bien y del mal es difícil confiar en alguien: uno mismo puede ser su propio enemigo.  aNovela